Tennis féminin : Joueuses terminant l'année n°1 mondiale - Statistiques

Statistiques générales
  • Ce quiz a été pris 92 fois
    24 depuis la dernière actualisation
  • Le résultat moyen est 37 sur 51
Statistiques - réponses
Année Joueuse % Correct
2024 Sabalenka
95%
2025 Sabalenka
95%
2022 Świątek
95%
2023 Świątek
95%
2002 Williams
95%
2009 Williams
95%
2013 Williams
95%
2014 Williams
95%
2015 Williams
95%
1987 Graf
85%
1988 Graf
85%
1989 Graf
85%
1990 Graf
85%
1993 Graf
85%
1994 Graf
85%
1996 Graf
85%
1995 Graf & Seles
85%
2003 Henin
80%
2006 Henin
80%
2007 Henin
80%
2017 Halep
75%
2018 Halep
75%
1991 Seles
75%
1992 Seles
75%
1997 Hingis
65%
1999 Hingis
65%
2000 Hingis
65%
1978 Navrátilová
65%
1979 Navrátilová
65%
1982 Navrátilová
65%
1983 Navrátilová
65%
1984 Navrátilová
65%
1985 Navrátilová
65%
1986 Navrátilová
65%
2019 Barty
60%
2020 Barty
60%
2021 Barty
60%
1998 Davenport
60%
2001 Davenport
60%
2004 Davenport
60%
2005 Davenport
60%
1975 Evert
60%
1976 Evert
60%
1977 Evert
60%
1980 Evert
60%
1981 Evert
60%
2016 Kerber
60%
2012 Azarenka
55%
2010 Wozniacki
45%
2011 Wozniacki
45%
2008 Janković
25%
Aucun quiz correspondant
Distribution des résultats
% des personnes avec chaque résultat
Percentile par nombre de réponses
Votre historique - résultats
Vous n’avez pas pris ce quiz depuis la dernière actualisation